WWF Royal Rumble 1994 Entrants - Statistics

General Stats
  • This quiz has been taken 22 times
  • The average score is 21 of 29
Answer Stats
Draw Entrant % Correct
11 Randy Savage
100%
27 Bret Hart
95%
23 Lex Luger
95%
5 Owen Hart
95%
7 Diesel
89%
14 Doink the Clown
89%
18 Shawn Michaels
89%
15 Bam Bam Bigelow
79%
13 Crush
79%
28 Fatu
79%
26 Rick Martel
79%
3 Rick Steiner
79%
2 Samu
79%
1 Scott Steiner
79%
21 Tatanka
79%
10 Virgil
74%
30 Adam Bomb
68%
6 Bart Gunn
63%
9 Billy Gunn
63%
8 Bob Backlund
63%
20 Greg Valentine
63%
4 Kwang
63%
16 Mabel
63%
19 Mo
63%
12 Jeff Jarrett
58%
24 Genichiro Tenryu
53%
29 Marty Jannetty
53%
17 Thurman "Sparky" Plugg
53%
22 The Great Kabuki
47%
No matching quizzes found
Score Distribution
Percent of People with Each Score
Percentile by Number Answered
Your Score History
You have not taken this quiz